000 00668nam a22002537a 4500
003 UA-OsUOA
001 119927
007 ta
008 20161121b un ||||| |||| 00| 0 ukr d
100 _aХомчук О.
700 _aХомчук Т.
090 _a94(798+470)
_bХ76
942 _cBK
040 _aUA-OsUOA
_bukr
_cUA-OsUOA
_dUA-OsUOA
245 _aАляска після Росії
_bмонографія
300 _a896 с.
955 _a1
041 _aukr
080 _a94(798+470)
020 _a978-617-697-049-1
260 _aК.
_bКВІЦ
_c2016
650 7 _a9 Географія. Біографії. Історія
_2UDC
999 _c405861
_d405861